000 01313 a2200265 4500
001 46036
005 20260407155733.0
008 260407a2006 arg spa d
003 AR-UNSa-BCEJYS
040 _aAR-UNSa-BCEJYS
_bspa
_cAR-UNSa-BCEJYS
080 _a331-053.2
_xTrabajo Infantil
245 1 0 _aInfancia y adolescencia: trabajo y otras actividades económicas
020 _a92-2-318684-6
264 1 _aBuenos Aires :
_bOIT
_c2006
300 _a232 p.
_c28 cm.
505 _a1. Introducción - 2. Antecedentes de la EANNA - 3. Marco conceptual - 4. Situación del trabajo infantil en la semana de referencia - 5. Características educativas de los niños, niñas y adolescentes que trabajan - 6. Magnitud del trabajo infantil: niños, niñas y adolescentes que trabajaron alguna vez - 7. Condición socioeconómica infantil.
041 _aspa
942 _cBK
590 _aniveau_biblio:m niveau_hierar:0
100 1 _aArgentina. Ministerio de Trabajo, Empleo y Seguridad Social
700 1 _aOrganización Internacional del Trabajo (OIT)
700 1 _aInstituto Nacional de Estadística y Censos (INDEC)
700 1 _aInternational Programme on the Elimination of Child Labour (IPEC)
856 4 1 _uhttps://www.biblioeco.unsa.edu.ar/pmb/images/libros/L127270.jpg
_yImagen de portada
_qimage/jpeg
999 _c4119
_d4119